000 00360nam a2200145Ia 4500
008 210312s9999||||xx |||||||||||||| ||und||
041 _aosm
050 _aDR432
050 _bT83
100 _aTüccarzade İbrahim Hakkı
245 0 _aAvrupalılaşmak
245 0 _bFelaketlerimizin esbabı
260 _c1916
650 _aTürkiye--Medeniyet--Dış Etkiler
999 _c22067
_d22067